NBA A-Z - Statistics

General Stats
  • This quiz has been taken 1,050 times
  • The average score is 21 of 26
Answer Stats
Hint Answer % Correct
(C) Lebron's first NBA Team Cavaliers
99%
(B) The Round Mound of Rebound: Charles ___ Barkley
98%
(J) The Greatest Player of all time. Michael __ Jordan
96%
(K) The Black Mamba Kobe
96%
(D) Clyde the Glide Drexler
95%
(M) The team Shaq was drafted by Magic
95%
(E) Magic Johnson's first name Earvin
92%
(P) The most successful coach of all time: ___ Jackson Phil
91%
(V) One of the best dunkers of all time: ____ Carter Vince
91%
(F) Famous New York Knicks Guard: Walt ____ Frazier
90%
(N) Dirk ___ Nowitzki
90%
(T) Spurs forward nicknamed "The Big Fundamental" Tim Duncan
84%
(I) Point Guard/Leader of the Bad Boys Isiah Thomas
83%
(O) "The Big O" Oscar Robertson
83%
(Y) Swaggy P, Iggy Azalea's Lover: Nick ___ Young
81%
(H) Robert ___ A.K.A "Big Shot Bob" Horry
80%
(G) Spurs/Bulls guard who won 4 scoring titles A.K.A "The Iceman" George Gervin
78%
(S) Wilt the ___ Stilt
75%
(R) Famous Coach of the 80's Lakers and 90's Knicks: Pat ___ Riley
73%
(W) Only player to ever win the 6th man of the year award and an MVP: Bill ___ Walton
72%
(Z) 2015 and 2016 Slam Dunk Contest Winner Zach Lavine
70%
(U) College team of Michael Jordan and the player below UNC
64%
(Q) Double-digit values in 4 different categories: (David Robinson was the last to do this) Quadruple-Double
63%
(L) Kareem Abdul-Jabbar's Original Name Lew Alcindor
62%
(A) Hakeem Olajuwan's original first name Akeem
58%
(X) College that David West attended Xavier
51%
No matching quizzes found
Score Distribution
Percent of People with Each Score
Percentile by Number Answered
Your Score History
You have not taken this quiz